000 01269nam a2200301 a 4500
001 000043496
003 DO-SdBNP
005 20240530073936.0
007 ta
008 110126s2013 dr 001 0 spa d
040 _aDO-SdBNP
_bspa
_cBNPHU
082 4 _a972.93
_bG216c, 2013
_222
100 1 _aGarcía Lluberes, Leónidas,
_d1882-1967
_949875
245 1 0 _aCrítica histórica /
_cLeónidas García Lluberes.
260 _aSanto Domingo :
_bComisión Permanente de Efemérides Patrias,
_c2013.
300 _a306 p. ;
_c24 cm.
490 _aBicentenario del natalicio de Juan Pablo Duarte;
_v3
500 _aIncluye referencias bibliográficas y notas al pie de páginas.
590 _aInventariado, 2022/BT
600 1 0 _aDuarte, Juan Pablo,
_d1813-1876
_91494
650 0 _aEnsayos dominicanos
_965
650 4 _aRepública dominicana
_xHistoria
_y1844-1930
_xEnsayos conferencias, etc.
_949877
710 1 2 _aRepública Dominicana
_bComisión Permanente de Efemérides Patria
_945309
710 1 2 _aComisión Nacional para Conmemorar el Bicentenario del Natalicio de Juan Pablo Duarte (República Dominicana)
_971193
830 0 _aBicentenario del natalicio de Juan Pablo Duarte
_n3
_971194
910 _aValidado. Control de calidad EMS
942 _2ddc
_cLBS1
999 _c42985
_d42985